L'héritage ambigu de la colonisation : Économies, populations, sociétés (notice n° 2118814)

détails MARC
000 -LEADER
fixed length control field 01627cam a2200133 4500500
005 - DATE AND TIME OF LATEST TRANSACTION
control field 20260405015853.0
041 ## - LANGUAGE CODE
Language code of text/sound track or separate title fre
042 ## - AUTHENTICATION CODE
Authentication code dc
100 10 - MAIN ENTRY--PERSONAL NAME
Personal name Etemad, Bouda
Relator term author
245 00 - TITLE STATEMENT
Title L'héritage ambigu de la colonisation : Économies, populations, sociétés
260 ## - PUBLICATION, DISTRIBUTION, ETC.
Name of publisher, distributor, etc. Armand Colin,<br/>
Date of publication, distribution, etc. 2012.<br/>
520 ## - SUMMARY, ETC.
Summary, etc. Dresser un bilan de la colonisation est un exercice délicat, tant le phénomène est complexe, pluriséculaire et hétérogène. C’est pourtant un devoir d’historien qui ne peut accepter de voir le seul législateur trancher sur son rôle prétendument positif. Les études postcoloniales ont ouvert des voies nouvelles, décryptant l’ambiguïté d’un monde où la promesse du progrès se mêle à la domination. Mais ce courant a relégué dans l’ombre la question des liens éventuels entre colonisation et développement. Par opposition, d’autres travaux se sont attachés à les étudier, laissant toutefois croire à tort que l’identité du colonisateur en fixait d’avance le sens. Une nouvelle investigation était donc nécessaire et Bouda Etemad l’entreprend, en archéologue de la pensée coloniale. Dans une perspective d’histoire globale, il montre pourquoi la colonisation crée, selon les époques et les lieux, des situations tantôt favorables tantôt hostiles au développement. Elle ne modèle pas pareillement populations, économies et sociétés, ni ne recèle les mêmes potentialités. D’où le caractère ambigu de son héritage.
856 41 - ELECTRONIC LOCATION AND ACCESS
Uniform Resource Identifier <a href="https://shs.cairn.info/l-heritage-ambigu-de-la-colonisation--9782200281335?lang=fr&redirect-ssocas=7080">https://shs.cairn.info/l-heritage-ambigu-de-la-colonisation--9782200281335?lang=fr&redirect-ssocas=7080</a>

Pas d'exemplaire disponible.

PLUDOC

PLUDOC est la plateforme unique et centralisée de gestion des bibliothèques physiques et numériques de Guinée administré par le CEDUST. Elle est la plus grande base de données de ressources documentaires pour les Étudiants, Enseignants chercheurs et Chercheurs de Guinée.

Adresse

627 919 101/664 919 101

25 boulevard du commerce
Kaloum, Conakry, Guinée

Réseaux sociaux

Powered by Netsen Group @ 2025